000 00884nam a2200157 a 4500
001 000034557
005 20200930073750.0
008 111006s1892 sp 000 0 spa d
040 _aDO-SdBNP
_bspa
_cBNPHU
082 _axxxx
100 1 _aVascáno, Antonio,
_d1862-
_959993
245 1 0 _aEnsayo biográfico del célebre navegante y consumado cosmógrafo Juan de la Cosa y descripción e historia de su famosa carta geográfica /
_cAntonio Vascáno (pseud. de Antonio Cánovas del Castillo y Vallejo.).
260 _aMadrid :
_bTipo-Litografía de V. Faure,
_c1892.
500 _aObra impresa en español, francés é inglés, para acompañar al Mapamundi de Juan de la Cosa, que, como recuerdo del cuarto centenario del descubrimiento de América, han publicado en Madrid los sres. Cánovas Vallejo y Traynor. Octubre, 1892.
700 1 _aCánovas del Castillo y Vallejo, Antonio
_959994
999 _c34048
_d34048